| 000 | 00599nam a2200169 a 4500 | ||
|---|---|---|---|
| 001 | 4519 | ||
| 003 | CDMR | ||
| 005 | 20131106111331.0 | ||
| 008 | 130130s2001||||||||||||||||||||||||||||d | ||
| 040 |
_aCDMR _bcat _cCDMR |
||
| 245 | 0 |
_aErnest Guasp _b: 1901-1984 : [cent anys en la memòria] |
|
| 260 |
_aAlzira _c[2001] _bAjuntament d'Alzira. Regidoria de Cultura |
||
| 300 |
_a63 p. _bil. |
||
| 500 | _aCatàleg de l'exposició en homenatge a Ernest Guasp, celebrada a Alzira entre el 22 de novembre i el 10 de desembre de 2001 | ||
| 600 | 1 |
_94268 _aGuasp, Ernest _d1901-1984 _vExposicions |
|
| 942 |
_cMON _2udc |
||
| 999 |
_c4519 _d4519 |
||